000
00316nam a2200133Ia 4500
008
230302s9999 xx 000 0 und d
020
_a
9789391165055
082
_a
954.8
_b
KANL
100
_a
Anirudh Kanisetti
245
0
_a
Lord of the Deccan
260
_a
New Delhi
_b
Juggernaut
_c
2022
300
_a
460
942
_c
BK
999
_c
1344
_d
1344